Loading...
Industrial directory of India 1994
| Main Author: | |
|---|---|
| Format: | Printed Book |
| Published: |
Kothari Enterprises: Chennai
1994
|
| Edition: | 39 edition |
| Subjects: |
| LEADER | 00516nam a2200193 4500 | ||
|---|---|---|---|
| 020 | |c 1050 | ||
| 082 | |a R 050 KOT | ||
| 100 | |a Kothari, C M | ||
| 245 | |a Industrial directory of India 1994 |c Kothari, C M | ||
| 250 | |a 39 edition | ||
| 260 | |a Kothari Enterprises: Chennai |c 1994 | ||
| 300 | |||
| 490 | |||
| 500 | |||
| 590 | |||
| 650 | |a Yearbooks | ||
| 942 | |c BK | ||
| 999 | |c 134602 |d 134602 | ||
| 952 | |0 0 |1 0 |4 0 |6 R_050_000000000000000_KOT |7 0 |9 148062 |a IMK |b IMK |g 1050.00 |l 0 |o R 050 KOT |p IMK01608 |r 2019-10-25 |w 2019-10-25 |y BK | ||